000 00516nam a2200181Ia 4500
008 100920s9999 xx 000 0 und d
082 _b23931
_a891.464 0
100 _aचिपळूणकर विष्णुशास्त्री.
245 _aवत्कृत्व.
260 _b---
_c0
300 _a136
_bसाधी
365 _b0
520 _aनिबंध.
630 _aवत्कृत्व.
650 _aनिबंध.
730 _aवत्कृत्व.
942 _cBOOK
999 _c682570
_d682567